[Event "Rhein Main op-A 25th"]
[Site "Bad Homburg"]
[Date "2023.06.11"]
[Round "7"]
[White "Schulze, Fabian"]
[Black "Falkenhainer, Sven"]
[Result "1-0"]
[WhiteElo "1669"]
[BlackElo "1748"]
[PlyCount "77"]
[EventDate "2023.06.07"]
[EventType "swiss"]
[EventRounds "7"]
[EventCountry "GER"]
[SourceTitle "CBM 215 Extra"]
[Source "ChessBase"]
[SourceDate "2023.09.30"]
[SourceVersion "1"]
[SourceVersionDate "2023.09.30"]
[SourceQuality "1"]

1. d4 e6 2. c3 b6 3. Nd2 Bb7 4. f4 f5 5. Ngf3 Nf6 6. e3 Be7 7. Bd3 Ng4 8. Qe2 g6 9. e4 0-0 10. e5 c5 11. 0-0 d5 12. a4 Nc6 13. b3 cxd4 14. Nxd4 Bc5 15. N2f3 Qe7 16. Kh1 Bxd4 17. Nxd4 Nxd4 18. cxd4 Rfc8 19. h3 Qh4 20. Kg1 Rc3 21. Rf3 Rxb3 22. Bxf5 Rxf3 23. Bxe6+ Kh8 24. Qxf3 Qe1+ 25. Qf1 Qc3 26. Bb2 Qe3+ 27. Kh1 Nf2+ 28. Kh2 Qxf4+ 29. Kg1 Rf8 30. Ba3 Nxh3+ 31. Bxh3 Qe3+ 32. Kh1 Rxf1+ 33. Rxf1 Qxa3 34. Rf7 Ba8 35. e6 Kg8 36. Rxa7 Qf8 37. e7 Qe8 38. Be6+ Kh8 39. Bf7 1-0

[Event "Rhein Main op-A 25th"]
[Site "Bad Homburg"]
[Date "2023.06.09"]
[Round "4"]
[White "Falkenhainer, Sven"]
[Black "Busch, Lorenz"]
[Result "0-1"]
[WhiteElo "1748"]
[BlackElo "2012"]
[PlyCount "156"]
[EventDate "2023.06.07"]
[EventType "swiss"]
[EventRounds "7"]
[EventCountry "GER"]
[SourceTitle "CBM 215 Extra"]
[Source "ChessBase"]
[SourceDate "2023.09.30"]
[SourceVersion "1"]
[SourceVersionDate "2023.09.30"]
[SourceQuality "1"]

1. e4 e6 2. d4 d5 3. exd5 exd5 4. Nf3 Bd6 5. Bd3 Nf6 6. Bg5 0-0 7. 0-0 Bg4 8. Nbd2 c6 9. c3 Nbd7 10. Qc2 Qc7 11. Rae1 Rfe8 12. Bf5 Bxf5 13. Qxf5 g6 14. Qb1 Kg7 15. Rxe8 Rxe8 16. Re1 h6 17. Bxf6+ Nxf6 18. Rxe8 Nxe8 19. Qe1 Nf6 20. b4 a5 21. a3 Qb6 22. Qe2 Qa7 23. g3 axb4 24. axb4 Qa1+ 25. Kg2 Qxc3 26. b5 Qc2 27. bxc6 bxc6 28. Qe3 Bb4 29. Qb3 Qxb3 30. Nxb3 Nd7 31. g4 Kf6 32. h3 Ke6 33. Kg3 Bd6+ 34. Kg2 Bb4 35. Kg3 Nf6 36. Ne5 Bd6 37. f4 Bxe5 38. Nc5+ Ke7 39. fxe5 Nd7 40. Nb7 Nf8 41. Kf3 Ne6 42. Ke3 g5 43. Nd6 Ng7 44. Kd3 h5 45. Nc8+ Kd7 46. Nd6 Ke7 47. Nc8+ Ke6 48. Nd6 h4 49. Ke3 Ke7 50. Nc8+ Kf8 51. Na7 Ne6 52. Nxc6 Nf4 53. Nb4 Ke7 54. Nc6+ Kd7 55. Nb4 Ke6 56. Nd3 Nxh3 57. Kf3 Kd7 58. Nc5+ Kc6 59. e6 fxe6 60. Nxe6 Kd6 61. Nd8 Ke7 62. Nc6+ Ke6 63. Nd8+ Kf6 64. Nc6 Nf4 65. Kf2 Ke6 66. Nd8+ Kd7 67. Nf7 Ne6 68. Ne5+ Kc7 69. Nf3 Kb6 70. Ke3 Kb5 71. Kd3 Kb4 72. Kc2 Kc4 73. Kd2 h3 74. Ke3 Nxd4 75. Ne5+ Kc3 76. Kf2 Ne6 77. Kg3 d4 78. Kxh3 d3 0-1

[Event "Rhein Main op-A 25th"]
[Site "Bad Homburg"]
[Date "2023.06.07"]
[Round "1"]
[White "McAdam, Mark"]
[Black "Falkenhainer, Sven"]
[Result "1-0"]
[WhiteElo "2020"]
[BlackElo "1748"]
[PlyCount "67"]
[EventDate "2023.06.07"]
[EventType "swiss"]
[EventRounds "7"]
[EventCountry "GER"]
[SourceTitle "CBM 215 Extra"]
[Source "ChessBase"]
[SourceDate "2023.09.30"]
[SourceVersion "1"]
[SourceVersionDate "2023.09.30"]
[SourceQuality "1"]

1. d4 e6 2. g3 d5 3. Bg2 Nf6 4. Nf3 b6 5. 0-0 Bb7 6. Bf4 Nbd7 7. c4 Nh5 8. Nc3 Nxf4 9. gxf4 c6 10. Rc1 dxc4 11. Ne5 Nxe5 12. fxe5 Qd7 13. Ne4 b5 14. e3 c5 15. dxc5 Qxd1 16. Rfxd1 Bxe4 17. Bxe4 Rc8 18. c6 Rc7 19. a4 a6 20. axb5 axb5 21. Ra1 f5 22. Bg2 g6 23. Ra8+ Ke7 24. Rdd8 b4 25. Kf1 c3 26. bxc3 b3 27. Rdb8 b2 28. Rxb2 Bg7 29. Rb7 Rxa8 30. Rxc7+ Kf8 31. f4 g5 32. Rd7 gxf4 33. c7 Ra1+ 34. Ke2 1-0

[Event "Wiesbaden op 29th"]
[Site "Wiesbaden"]
[Date "2017.08.26"]
[Round "4"]
[White "Falkenhainer, Sven"]
[Black "Rau, Christian"]
[Result "0-1"]
[WhiteElo "1762"]
[BlackElo "1915"]
[PlyCount "70"]
[EventDate "2017.08.24"]
[EventType "swiss"]
[EventRounds "7"]
[EventCountry "GER"]
[SourceTitle "CBM 180 Extra"]
[Source "ChessBase"]
[SourceDate "2017.10.06"]
[SourceVersion "1"]
[SourceVersionDate "2017.10.06"]
[SourceQuality "1"]

1. e4 e5 2. Be2 Nc6 3. d3 Nf6 4. Nc3 Be7 5. f4 exf4 6. Bxf4 d5 7. e5 Ng8 8. d4 g5 9. Bg3 Nh6 10. Bf3 Be6 11. Qd2 Nf5 12. Bf2 h5 13. h3 Qd7 14. Nge2 0-0-0 15. Ng3 Nh4 16. Qd1 g4 17. hxg4 hxg4 18. Rxh4 Bxh4 19. Be2 f6 20. exf6 Rdf8 21. Nh1 Bg5 22. Ng3 Rxf6 23. a3 Ne7 24. Qd3 Nf5 25. Nf1 Nh4 26. Bxh4 Rxh4 27. Nd1 Bf5 28. Qb3 Rh1 29. g3 Re6 30. Nc3 c6 31. Qa4 Kb8 32. b4 Qh7 33. Nd1 Bxc2 34. Qa5 Rxe2+ 35. Kxe2 Qd3+ 0-1

[Event "Rhein Main op-A 20th"]
[Site "Bad Homburg"]
[Date "2017.06.17"]
[Round "6"]
[White "Zilch, Lothar"]
[Black "Falkenhainer, Sven"]
[Result "1-0"]
[WhiteElo "1944"]
[BlackElo "1779"]
[PlyCount "95"]
[EventDate "2017.06.14"]
[EventType "swiss"]
[EventRounds "7"]
[EventCountry "GER"]
[SourceTitle "EXT 2018"]
[Source "ChessBase"]
[SourceDate "2017.10.13"]
[SourceVersion "1"]
[SourceVersionDate "2017.10.13"]
[SourceQuality "1"]

1. c4 e6 2. e4 b6 3. d4 Bb7 4. Nc3 Bb4 5. Bd3 Ne7 6. Nf3 0-0 7. 0-0 Ng6 8. Bg5 Be7 9. Bxe7 Qxe7 10. d5 e5 11. g3 d6 12. b4 a5 13. a3 Nd7 14. Qb3 h5 15. h4 f6 16. Rfc1 Nh8 17. Nb5 Qd8 18. Bf1 Nf7 19. Qe3 g6 20. Bh3 Kg7 21. Be6 Nh6 22. Nh2 Ba6 23. Qc3 Bb7 24. Qd2 Nf7 25. Qd1 Rh8 26. Qf1 Nf8 27. Bh3 Bc8 28. Bxc8 Qxc8 29. c5 Qd8 30. cxb6 cxb6 31. Rc7 g5 32. Rac1 Kg6 33. R1c6 axb4 34. axb4 Nd7 35. Qc1 gxh4 36. Nxd6 Nxd6 37. Rxd6 Ra1 38. Qxa1 Qxc7 39. Rc6 Qd8 40. Nf3 hxg3 41. Nh4+ Kf7 42. fxg3 Qg8 43. Kh2 Qg4 44. Qa7 Qe2+ 45. Ng2 Qg4 46. Rd6 Qxe4 47. Qxd7+ Kg6 48. Nh4+ 1-0

[Event "Heusenstamm Sparkassen op-A 3rd"]
[Site "Heusenstamm"]
[Date "2016.11.27"]
[Round "3"]
[White "Falkenhainer, Sven"]
[Black "Rudolph, Lukas"]
[Result "0-1"]
[WhiteElo "1781"]
[BlackElo "1874"]
[PlyCount "80"]
[EventDate "2016.11.24"]
[EventType "swiss"]
[EventRounds "7"]
[EventCountry "GER"]
[SourceTitle "EXT 2018"]
[Source "ChessBase"]
[SourceDate "2017.10.13"]
[SourceVersion "1"]
[SourceVersionDate "2017.10.13"]
[SourceQuality "1"]

1. e4 d5 2. exd5 Qxd5 3. Nc3 Qa5 4. g3 c6 5. Bg2 Bf5 6. Nf3 Nf6 7. 0-0 e6 8. d3 Be7 9. Bd2 Qd8 10. a3 0-0 11. Qc1 Nd5 12. Nxd5 cxd5 13. Bc3 Nc6 14. Nd4 Nxd4 15. Bxd4 Rc8 16. Qd1 Bf6 17. Bxf6 Qxf6 18. c3 Qd8 19. d4 Qb6 20. Qd2 Qb3 21. f3 b5 22. Rf2 a5 23. h4 h6 24. Rc1 Rc7 25. Bf1 b4 26. cxb4 Rxc1 27. Qxc1 axb4 28. g4 Bh7 29. axb4 Qxb4 30. Qc5 Qb8 31. Rg2 Rc8 32. Qe7 Qf4 33. b4 Qxd4+ 34. Rf2 Rb8 35. b5 Bd3 36. Bxd3 Qxd3 37. g5 h5 38. b6 Qb1+ 39. Kh2 Qxb6 40. Rg2 Qb4 0-1

[Event "Rhein Main op-B 17th"]
[Site "Bad Homburg"]
[Date "2014.06.20"]
[Round "4"]
[White "Falkenhainer, Sven"]
[Black "Diener, Carolin Valeria"]
[Result "0-1"]
[WhiteElo "1805"]
[BlackElo "1741"]
[PlyCount "114"]
[EventDate "2014.06.18"]
[EventType "swiss"]
[EventRounds "9"]
[EventCountry "GER"]
[SourceTitle "CBM 161 Extra"]
[Source "ChessBase"]
[SourceDate "2014.08.29"]
[SourceVersion "1"]
[SourceVersionDate "2014.08.29"]
[SourceQuality "1"]

1. e4 e5 2. Nc3 Nc6 3. Nf3 Nf6 4. d3 Bb4 5. Bd2 a6 6. Be2 d6 7. 0-0 h6 8. Nd5 Bxd2 9. Nxf6+ Qxf6 10. Qxd2 Bd7 11. c4 Bg4 12. b4 Bxf3 13. Bxf3 Nd4 14. Be2 0-0 15. Rab1 Qe6 16. a3 Rfb8 17. f4 Qe7 18. Bh5 Qh4 19. Bd1 Ne6 20. g3 Qe7 21. f5 Nd4 22. f6 Qe6 23. fxg7 Kxg7 24. Bh5 Rf8 25. g4 Qe7 26. Rf2 Qg5 27. Qxg5+ hxg5 28. Rbf1 f6 29. Kg2 Rab8 30. Rc1 c5 31. Rb2 Ne6 32. Kg3 Rfc8 33. b5 Nf4 34. Rd1 axb5 35. cxb5 b6 36. h4 Ra8 37. Rb3 Ra5 38. hxg5 fxg5 39. Kf3 Rca8 40. Ra1 Ne6 41. Ke3 Nd4 42. Rb2 Rxa3 43. Rxa3 Rxa3 44. Kd2 Ne6 45. Rb1 Nf4 46. Rf1 Rxd3+ 47. Kc2 Rd4 48. Ra1 Rxe4 49. Ra6 Nxh5 50. gxh5 g4 51. Rxb6 Rd4 52. Ra6 g3 53. b6 g2 54. Ra1 Rb4 55. Rg1 Rxb6 56. Rxg2+ Kh6 57. Kd3 d5 0-1

[Event "Frankfurt-chA"]
[Site "Frankfurt"]
[Date "2014.05.12"]
[Round "3"]
[White "Worzelberger, Armin"]
[Black "Falkenhainer, Sven"]
[Result "1-0"]
[WhiteElo "1766"]
[BlackElo "1597"]
[PlyCount "63"]
[EventDate "2014.04.28"]
[EventType "swiss"]
[EventRounds "7"]
[EventCountry "GER"]
[SourceTitle "EXT 2015"]
[Source "ChessBase"]
[SourceDate "2014.11.20"]
[SourceVersion "1"]
[SourceVersionDate "2014.11.20"]
[SourceQuality "1"]

1. e4 d6 2. Bc4 Nf6 3. Nc3 e5 4. Nge2 Be7 5. 0-0 0-0 6. Ng3 Nc6 7. d3 Na5 8. Bb5 c6 9. Ba4 b5 10. Bb3 Nxb3 11. axb3 Bg4 12. Qe1 b4 13. Nce2 a5 14. f3 Bh5 15. Be3 d5 16. d4 Qc7 17. dxe5 Qxe5 18. Bd4 Qg5 19. Nf5 Nxe4 20. fxe4 Bf6 21. Be3 Qg4 22. Neg3 dxe4 23. Rf4 Qg6 24. Qf1 Rfe8 25. Nxh5 Qxh5 26. g4 Qg6 27. h4 Be5 28. Rxe4 Bh2+ 29. Kxh2 Rxe4 30. Qf3 Rae8 31. Rxa5 Rxg4 32. Ne7+ 1-0

[Event "Rhein Main op 13th"]
[Site "Bad Homburg"]
[Date "2010.06.06"]
[Round "7"]
[White "Schmitz, Tim"]
[Black "Falkenhainer, Sven"]
[Result "1-0"]
[WhiteElo "1932"]
[BlackElo "1635"]
[PlyCount "55"]
[EventDate "2010.06.02"]
[EventType "swiss"]
[EventRounds "7"]
[EventCountry "GER"]
[SourceTitle "EXT 2011"]
[Source "ChessBase"]
[SourceDate "2010.11.26"]
[SourceVersion "1"]
[SourceVersionDate "2010.11.26"]
[SourceQuality "1"]

1. e4 d6 2. d4 g6 3. Nc3 Bg7 4. Be3 Nf6 5. Qd2 Nbd7 6. 0-0-0 e5 7. f3 0-0 8. Nge2 a5 9. Bh6 b6 10. h4 Ba6 11. Bxg7 Kxg7 12. h5 Rh8 13. Ng3 Qe7 14. Bxa6 Rxa6 15. hxg6 fxg6 16. Qg5 Kf8 17. dxe5 Nxe5 18. f4 Nf7 19. Qb5 Ra8 20. Rhe1 Rd8 21. e5 dxe5 22. Rxd8+ Qxd8 23. fxe5 Ng4 24. e6 Nfe5 25. Rxe5 Nxe5 26. Qxe5 Rg8 27. Nd5 Rg7 28. e7+ 1-0

[Event "Rhein Main op 13th"]
[Site "Bad Homburg"]
[Date "2010.06.05"]
[Round "5"]
[White "Falkenhainer, Sven"]
[Black "Happel, Juergen"]
[Result "1-0"]
[WhiteElo "1635"]
[BlackElo "1555"]
[PlyCount "163"]
[EventDate "2010.06.02"]
[EventType "swiss"]
[EventRounds "7"]
[EventCountry "GER"]
[SourceTitle "EXT 2011"]
[Source "ChessBase"]
[SourceDate "2010.11.26"]
[SourceVersion "1"]
[SourceVersionDate "2010.11.26"]
[SourceQuality "1"]

1. e4 e5 2. Bc4 Nc6 3. Nc3 Bc5 4. Nge2 Nf6 5. 0-0 0-0 6. d3 h6 7. a3 a6 8. b4 Ba7 9. Bb2 d6 10. Qd2 Nd4 11. Ng3 Be6 12. Nd5 Nxd5 13. exd5 Bd7 14. Rae1 Nf5 15. Ne4 Qe8 16. Kh1 f6 17. f4 Qg6 18. fxe5 fxe5 19. Rf3 h5 20. Ref1 Qh6 21. Qxh6 Nxh6 22. Ng5 Rxf3 23. Rxf3 Rf8 24. Rxf8+ Kxf8 25. Bc1 Nf5 26. Ne6+ Bxe6 27. dxe6 Be3 28. Bb2 Nd4 29. c3 Nf5 30. Bd5 c6 31. Be4 g6 32. c4 Ke7 33. b5 axb5 34. cxb5 d5 35. bxc6 bxc6 36. Bxf5 gxf5 37. Bxe5 Kxe6 38. Bc7 Ba7 39. a4 Kd7 40. Bf4 c5 41. g3 c4 42. dxc4 dxc4 43. Kg2 Bb6 44. Kf3 Kc6 45. Bc1 Bc7 46. Ke3 Be5 47. Ba3 Kb6 48. Bb4 Ka6 49. Ke2 Bd4 50. h3 Bb6 51. Bc3 Ba5 52. Bd4 Bb4 53. Ke3 Ka5 54. Be5 Kxa4 55. Kf4 c3 56. Kxf5 c2 57. Bf4 Kb3 58. Kg5 Ba3 59. Kxh5 Ka2 60. g4 Kb1 61. g5 Bc1 62. Bxc1 Kxc1 63. g6 Kd1 64. g7 c1Q 65. g8Q Qc5+ 66. Qg5 Qf8 67. Qg4+ Kc2 68. Kh4 Qf2+ 69. Kg5 Qd2+ 70. Qf4 Qd8+ 71. Kg4 Qd1+ 72. Qf3 Qg1+ 73. Kh4 Qd4+ 74. Kg3 Qg1+ 75. Qg2+ Qxg2+ 76. Kxg2 Kd3 77. Kf3 Kd4 78. Kf4 Kd5 79. Kf5 Kd6 80. Kf6 Kd7 81. h4 Ke8 82. Kg7 1-0

[Event "Rhein Main op 13th"]
[Site "Bad Homburg"]
[Date "2010.06.04"]
[Round "4"]
[White "Kissing, Freya Margarethe"]
[Black "Falkenhainer, Sven"]
[Result "0-1"]
[WhiteElo "1678"]
[BlackElo "1635"]
[PlyCount "80"]
[EventDate "2010.06.02"]
[EventType "swiss"]
[EventRounds "7"]
[EventCountry "GER"]
[SourceTitle "EXT 2011"]
[Source "ChessBase"]
[SourceDate "2010.11.26"]
[SourceVersion "1"]
[SourceVersionDate "2010.11.26"]
[SourceQuality "1"]

1. e4 d6 2. d3 e5 3. g3 Nf6 4. Bg2 Be7 5. Nc3 0-0 6. h3 Be6 7. f4 exf4 8. Bxf4 c6 9. Nf3 Na6 10. 0-0 Nc7 11. Ne2 d5 12. Ng5 dxe4 13. Nxe4 Nxe4 14. Bxe4 Bxh3 15. Rf2 f5 16. Bf3 Ne6 17. c3 Qb6 18. d4 Ng5 19. Bxg5 Bxg5 20. Kh2 Be3 21. Kxh3 Bxf2 22. d5 Rad8 23. Nf4 Rf6 24. Qe2 g5 25. Kg2 gxf4 26. Qxf2 Rg6 27. Qxb6 axb6 28. dxc6 bxc6 29. Rd1 Rxg3+ 30. Kh2 Rxd1 31. Bxd1 Kg7 32. a3 Kf6 33. Bc2 h5 34. b4 Rxc3 35. Bd1 Rxa3 36. Bxh5 Rb3 37. Be8 c5 38. bxc5 bxc5 39. Bc6 Ke5 40. Ba4 Ra3 0-1

[Event "Rhein Main op 13th"]
[Site "Bad Homburg"]
[Date "2010.06.03"]
[Round "2"]
[White "Falkenhainer, Sven"]
[Black "Lasschuit, Rene"]
[Result "0-1"]
[WhiteElo "1635"]
[BlackElo "1887"]
[PlyCount "52"]
[EventDate "2010.06.02"]
[EventType "swiss"]
[EventRounds "7"]
[EventCountry "GER"]
[SourceTitle "EXT 2011"]
[Source "ChessBase"]
[SourceDate "2010.11.26"]
[SourceVersion "1"]
[SourceVersionDate "2010.11.26"]
[SourceQuality "1"]

1. e4 e6 2. f4 d5 3. e5 c5 4. Nf3 Nc6 5. c3 Nh6 6. d4 Qb6 7. b3 cxd4 8. Nxd4 Nxd4 9. Qxd4 Bc5 10. Qd3 Bd7 11. Be2 Nf5 12. Na3 0-0 13. Nc2 f6 14. g4 Ne7 15. exf6 Rxf6 16. g5 Rff8 17. h4 e5 18. Ne3 exf4 19. Nxd5 Bf2+ 20. Kf1 Nxd5 21. Qxd5+ Be6 22. Qf3 Bg3 23. h5 Rad8 24. c4 Qd4 25. Rb1 Bg4 26. Qg2 Qd1+ 0-1

[Event "Rhein Main op 13th"]
[Site "Bad Homburg"]
[Date "2010.06.02"]
[Round "1"]
[White "Hoeck, Raimund"]
[Black "Falkenhainer, Sven"]
[Result "1-0"]
[WhiteElo "2036"]
[BlackElo "1635"]
[PlyCount "47"]
[EventDate "2010.06.02"]
[EventType "swiss"]
[EventRounds "7"]
[EventCountry "GER"]
[SourceTitle "EXT 2011"]
[Source "ChessBase"]
[SourceDate "2010.11.26"]
[SourceVersion "1"]
[SourceVersionDate "2010.11.26"]
[SourceQuality "1"]

1. d4 e6 2. c4 d5 3. Nf3 Nf6 4. e3 Nbd7 5. Nc3 Be7 6. Bd3 0-0 7. 0-0 dxc4 8. Bxc4 b6 9. b3 Bb7 10. Bb2 c5 11. Qe2 a6 12. a4 Qc7 13. Rfd1 Ng4 14. d5 Bd6 15. h3 Nge5 16. Nxe5 Nxe5 17. dxe6 Nxc4 18. Qxc4 Rad8 19. Ne4 b5 20. Nf6+ Kh8 21. Qh4 h6 22. Nd5 Bh2+ 23. Kh1 Rxd5 24. Qxh6+ 1-0

[Event "Hessen-ch Gr-D 64th"]
[Site "Bad Vilbel"]
[Date "2010.04.02"]
[Round "1"]
[White "Krischak, Werner"]
[Black "Falkenhainer, Sven"]
[Result "1-0"]
[WhiteElo "1827"]
[BlackElo "1595"]
[PlyCount "83"]
[EventDate "2010.03.31"]
[EventType "swiss"]
[EventRounds "5"]
[EventCountry "GER"]
[SourceTitle "EXT 2011"]
[Source "ChessBase"]
[SourceDate "2010.11.26"]
[SourceVersion "1"]
[SourceVersionDate "2010.11.26"]
[SourceQuality "1"]

1. d4 d5 2. c4 e6 3. Nc3 Nf6 4. cxd5 exd5 5. Bg5 Be7 6. Qc2 0-0 7. e3 c6 8. Bd3 h6 9. Bxf6 Bxf6 10. Nf3 Be6 11. b4 a6 12. a4 Nd7 13. 0-0 b5 14. Rac1 Nb6 15. e4 Nc4 16. exd5 cxd5 17. axb5 Na3 18. Qb3 axb5 19. Nxb5 Nxb5 20. Bxb5 Rb8 21. Bc6 Be7 22. b5 Bd6 23. Rfe1 Rb6 24. Ne5 Qb8 25. Rb1 Bxe5 26. Rxe5 Rd8 27. Bxd5 Rxd5 28. Rxd5 Rd6 29. Rxd6 Bxb3 30. Rc6 Bd5 31. Rc5 Qb7 32. f3 g5 33. b6 Be6 34. Rc7 Qb8 35. b7 Kg7 36. Rc5 g4 37. fxg4 Bxg4 38. Ra5 Qd8 39. Ra4 Qd7 40. Rab4 Qe7 41. b8Q Qe3+ 42. Kh1 1-0

[Event "Main Vogelsberg op 4th"]
[Site "Heusenstamm"]
[Date "2009.05.03"]
[Round "6"]
[White "Iwanziw, Niklas"]
[Black "Falkenhainer, Sven"]
[Result "1-0"]
[WhiteElo "1866"]
[BlackElo "1609"]
[PlyCount "65"]
[EventDate "2009.04.30"]
[EventType "swiss"]
[EventRounds "7"]
[EventCountry "GER"]
[SourceTitle "CBM 130 Extra"]
[Source "ChessBase"]
[SourceDate "2009.07.02"]
[SourceVersion "2"]
[SourceVersionDate "2009.07.15"]
[SourceQuality "1"]

1. d4 Nf6 2. c4 e5 3. dxe5 Ne4 4. a3 Nc6 5. Nf3 d6 6. exd6 Bxd6 7. e3 0-0 8. Nbd2 Nxd2 9. Bxd2 Bg4 10. Be2 Qf6 11. Bc3 Qh6 12. h3 Rad8 13. Qc2 b6 14. Qe4 Bxf3 15. Qxf3 Ne5 16. Qf5 Rfe8 17. Rd1 Qe6 18. Qxe6 Rxe6 19. Rd5 c6 20. Rd2 Be7 21. Rxd8+ Bxd8 22. 0-0 Bc7 23. Rd1 Rd6 24. Ra1 Rd8 25. b4 a6 26. a4 f6 27. b5 cxb5 28. cxb5 a5 29. Bd4 Kf7 30. Rc1 Rd7 31. f4 Ng6 32. Bg4 Re7 33. Rc6 1-0